Biometrics for network security / (Record no. 8440)

MARC details
000 -LEADER
fixed length control field 00707nam a22002292 4500
001 - CONTROL NUMBER
control field 0000013081
005 - DATE AND TIME OF LATEST TRANSACTION
control field 20151217152121.0
008 - FIXED-LENGTH DATA ELEMENTS--GENERAL INFORMATION
fixed length control field 090526s xx 000 0 eng d
020 ## - INTERNATIONAL STANDARD BOOK NUMBER
International Standard Book Number 8129705181 :
040 ## - CATALOGING SOURCE
Original cataloging agency KABU
Transcribing agency KABU
100 1# - MAIN ENTRY--PERSONAL NAME
Personal name Reid, Paul.
-- 0000170201
245 10 - TITLE STATEMENT
Title Biometrics for network security /
Statement of responsibility, etc. Paul Reid.
250 ## - EDITION STATEMENT
Edition statement 1st ed.
260 ## - PUBLICATION, DISTRIBUTION, ETC. (IMPRINT)
Place of publication, distribution, etc. New Delhi :
Name of publisher, distributor, etc. Pearson Education,
Date of publication, distribution, etc. 2004.
300 ## - PHYSICAL DESCRIPTION
Extent xx, 252 p.
650 #0 - SUBJECT ADDED ENTRY--TOPICAL TERM
Topical term or geographic name as entry element Computer security.
-- 0000148177
650 #0 - SUBJECT ADDED ENTRY--TOPICAL TERM
Topical term or geographic name as entry element Computer networks
General subdivision Security meaqsures.
-- 0000151349
650 #0 - SUBJECT ADDED ENTRY--TOPICAL TERM
Topical term or geographic name as entry element Biometric identification.
-- 0000170202
852 1# - LOCATION
-- p3900 KES
908 ## - PUT COMMAND PARAMETER (RLIN)
Put command parameter 090526
950 ## - LOCAL HOLDINGS (RLIN)
-- 1
Holdings
Withdrawn status Lost status Source of classification or shelving scheme Not for loan Home library Current library Date acquired Total Checkouts Full call number Barcode Date last seen Price effective from Koha item type
    Library of Congress Classification   Kabarak, Main Campus Kabarak, Main Campus 17/12/2015   TK7882 .B56R45 2004 c. 1 17733 17/12/2015 17/12/2015 General Collection
Designed with assistance from East African Informatics Ltd